Judicialización en materia de salud como fenómeno hipercomplejo en casos de medicamentos de alto costo/precio (Registro nro. 32070)

Detalles MARC
000 -LEADER
fixed length control field 00395 a2200109 4500
001 - CONTROL NUMBER
control field ART_58119
005 - DATE AND TIME OF LATEST TRANSACTION
control field 20260410162010.0
008 - FIXED-LENGTH DATA ELEMENTS--GENERAL INFORMATION
fixed length control field 260409a
100 1# - MAIN ENTRY--PERSONAL NAME
Personal name Díaz, Ana I.
245 10 - TITLE STATEMENT
Title Judicialización en materia de salud como fenómeno hipercomplejo en casos de medicamentos de alto costo/precio
773 0# - HOST ITEM ENTRY
Title Temas de derecho civil
Related parts - Año 9, N° 3 (mar. 2023)
Record control number REV34778

No hay ítems disponibles.